Culture Générale - Série 2687 - Statistiques

Statistiques générales
  • Ce quiz a été pris 88 fois
  • Le résultat moyen est 5 sur 10
Statistiques - réponses
Question Réponse % Correct
Lors de quel mois de l’année se déroule l’Épiphanie ? janvier
96%
Quelle région de France a pour surnom "Breizh" ? Bretagne
90%
Quelle ville française est surnommée la Ville Rose ? Toulouse
90%
Comment appelle-t-on plus couramment le chlorure de sodium ? sel
89%
Sur quelle île peut-on voir le phare des baleines ?
41%
Comment se prénomme la femme de Babar, le roi des éléphants de la littérature enfantine ? Céleste
40%
Quelle est la capitale des Samoa ? Apia
38%
Dans quel sport peut-on faire un strike ou un spare ? bowling
36%
Dans le film "Les enfants du paradis" de Marcel Carné de 1945, quel personnage interpréte Arletty ? Garance
16%
Arbre qui ne sera pas coupé avec le taillis pour qu'il fasse partie d'une futaie. baliveau
0%
Aucun quiz correspondant
Distribution des résultats
% des personnes avec chaque résultat
Percentile par nombre de réponses
Votre historique - résultats
Vous n’avez pas pris ce quiz